| 000 | 00374cam a22001097a 4500 | ||
|---|---|---|---|
| 008 | 180718b xxu||||| |||| 00| 0 eng d | ||
| 082 | _aZ F739a | ||
| 245 |
_aAgricultural adjustment in developed countries _cby Food and Agriculture Organization, Italy |
||
| 260 |
_aRome _bFood and Agriculture Organization _c |
||
| 300 | _a204+p. | ||
| 700 | _aItaly.Food and Agriculture Organization | ||
| 999 |
_c499303 _d499303 |
||